Т. 1: Человеческая комедия. Этюды о нравах: сцены частной жизни; Собрание сочинений; Дом кошки, играющей в мяч; Полковник Шабер; Тридцатилетняя женщина; Вендетта; Побочная семья; Покинутая женщина
| Parent link: | Собрание сочинений: в 12 т./ О. де Бальзак. Т. 1: Человеческая комедия. Этюды о нравах.— , 1993- |
|---|---|
| Langue: | russe |
| Publié: |
1993
|
| TOC: | Дом кошки, играющей в мяч; Полковник Шабер; Тридцатилетняя женщина; Вендетта; Побочная семья; Покинутая женщина; |
| Sujets: | |
| Format: | MixedMaterials Livre |
| KOHA link: | https://koha.lib.tpu.ru/cgi-bin/koha/opac-detail.pl?biblionumber=121850 |
MARC
| LEADER | 00000nam0a2200000 4500 | ||
|---|---|---|---|
| 001 | 121850 | ||
| 005 | 20231101215715.0 | ||
| 010 | |a 5877481517 | ||
| 035 | |a (RuTPU)RU\TPU\book\131957 | ||
| 090 | |a 121850 | ||
| 100 | |a 20070921d1993 m y0rusy50 ca | ||
| 101 | 1 | |a rus |c fre | |
| 102 | |a RU | ||
| 105 | |a y z 001ay | ||
| 200 | 0 | |a Т. 1: Человеческая комедия. Этюды о нравах |e сцены частной жизни | |
| 210 | |d 1993 | ||
| 215 | |a 480 с. | ||
| 320 | |a Комментарии: с. 469-478. | ||
| 461 | |t Собрание сочинений |o в 12 т. |f О. де Бальзак |v Т. 1: Человеческая комедия. Этюды о нравах |d 1993- | ||
| 464 | |t Дом кошки, играющей в мяч | ||
| 464 | |t Полковник Шабер | ||
| 464 | |t Тридцатилетняя женщина |o повести | ||
| 464 | |t Вендетта | ||
| 464 | |t Побочная семья | ||
| 464 | |t Покинутая женщина |o рассказы | ||
| 606 | 1 | |a Французская литература |x Произведения |2 stltpush |3 (RuTPU)RU\TPU\subj\64346 |9 81252 | |
| 610 | 1 | |a французская литература | |
| 610 | 1 | |a повести | |
| 610 | 1 | |a рассказы | |
| 675 | |a 84 |v 3 | ||
| 801 | 1 | |a RU |b 63413507 |c 20070921 |g PSBO | |
| 801 | 2 | |a RU |b 63413507 |c 20221006 |g PSBO | |
| 942 | |c BK | ||